[Event "AUTO-MASTER-2523"]
[Site "http://www.queenalice.com/game.php?id=1446316"]
[Date "2016.10.19"]
[Round "1"]
[White "fabianoo"]
[Black "Artking"]
[Result "1-0"]
[WhiteElo "2107"]
[BlackElo "2112"]

1. e4 c5 2. Nf3 a6 3. c3 d6 4. d4 cxd4 5. Nxd4 Nf6 6. Nd2 g6 7. Bc4 Bg7 8. O-O
O-O 9. a4 Nbd7 10. b4 Ne5 11. Bb3 Qc7 12. Qc2 Neg4 13. h3 d5 14. hxg4 Nxg4 15.
N2f3 dxe4 16. Qxe4 Qxc3 17. Bd2 Qc7 18. Rac1 Qb8 19. Ne6 Nf6 20. Qe2 Bxe6 21.
Bxe6 fxe6 22. Qxe6+ Kh8 23. Qxe7 Ng4 24. Rc7 Rg8 25. Bc3 Qf8 26. Ng5 h6 27. Qxf8
Rgxf8 28. Bxg7+ Kg8 29. Bxf8 Rxf8 30. Ne6 1-0

[Event "AUTO-MASTER-2523"]
[Site "http://www.queenalice.com/game.php?id=1446317"]
[Date "2016.10.19"]
[Round "1"]
[White "Artking"]
[Black "fabianoo"]
[Result "1-0"]
[WhiteElo "2092"]
[BlackElo "2116"]

1. e4 e6 2. d4 d5 3. Nc3 c5 4. Nf3 Nc6 5. Be3 c4 6. e5 Nge7 7. Be2 Nf5 8. O-O
Be7 9. Qd2 a6 10. Ne1 b5 11. Bg4 b4 12. Na4 Nxe3 13. fxe3 Qa5 14. b3 c3 15. Qf2
f5 16. exf6 gxf6 17. Nd3 f5 18. Bh5+ Kd8 19. Nac5 Kc7 20. Qg3+ Kb6 21. Qg7 Bb7
22. Ne5 Bxc5 23. dxc5+ Kxc5 24. a3 Nxe5 25. axb4+ Qxb4 26. Qxe5 Qb6 27. b4+ Kc6
28. Qxe6+ Kc7 29. Qe5+ Kd7 30. Qxf5+ Qe6 31. Qd3 Rhf8 32. Qxh7+ Kc6 33. Bf3
Qxe3+ 34. Kh1 Qg5 35. Rfd1 Rad8 36. b5+ axb5 37. Ra7 Rd7 38. Qd3 Qe5 39. Rxb7
Kxb7 40. Qxb5+ Kc7 41. Qc5+ Kb7 42. Rb1+ Ka8 43. Qxf8+ Ka7 44. Qa3# 1-0

[Event "OS INCLIVES"]
[Site "http://www.queenalice.com/game.php?id=1446336"]
[Date "2016.10.19"]
[Round "-"]
[White "adelio"]
[Black "fabianoo"]
[Result "0-1"]
[WhiteElo "1696"]
[BlackElo "2103"]

1. d4 e6 2. c4 d5 3. a3 c5 4. Nc3 cxd4 5. Qxd4 Nc6 6. Qd1 Nf6 7. e3 Bc5 8. Be2
O-O 9. Nh3 e5 10. Ng5 h6 11. h4 hxg5 12. hxg5 Nh7 13. Rxh7 Kxh7 14. Bd3+ e4 15.
Nxe4 g6 16. Nf6+ Kg7 17. b4 Rh8 18. Ke2 dxc4 19. Bc2 Qxd1+ 20. Kxd1 Bd6 21. Bd2
Rh1+ 22. Be1 Be5 23. Ne8+ Kf8 24. Rb1 Bc3 25. Ke2 Rxe1+ 26. Rxe1 Kxe8 27. Kf1
Bxe1 28. Kxe1 Bf5 29. e4 Nd4 30. Bb1 c3 31. exf5 c2 32. Bxc2 Nxc2+ 33. Kd2 Nxa3
34. fxg6 Rd8+ 35. Ke3 Nc2+ 36. Ke4 fxg6 37. Ke5 Ke7 38. f4 Nxb4 39. f5 Rd5+ 40.
Ke4 Rxf5 41. Kd4 Kd6 42. Kc4 Rf4+ 43. Kc3 Kc5 44. Kd2 Kd4 45. Ke2 a5 46. g3 Re4+
47. Kf3 Nd3 48. Kg2 Ke3 49. Kh3 Kf3 50. Kh2 Re1 51. g4 a4 52. Kh3 Rh1# 0-1

[Event "Challenge"]
[Site "http://www.queenalice.com/game.php?id=1449900"]
[Date "2016.11.13"]
[Round "-"]
[White "zugzwangkid"]
[Black "fabianoo"]
[Result "1-0"]
[WhiteElo "1676"]
[BlackElo "2104"]

1. d4 d5 2. c4 e6 3. Nf3 Nc6 4. Nc3 Nge7 5. Bf4 a6 6. e3 Ng6 7. Bg3 Bd6 8. c5
Bxg3 9. hxg3 Qe7 10. Bd3 Bd7 11. O-O h5 12. Qb3 Rb8 13. Bxg6 fxg6 14. e4 b6 15.
exd5 bxc5 16. dxc6 Rxb3 17. cxd7+ Qxd7 18. axb3 cxd4 19. Rfd1 c5 20. Na4 Qb5 21.
Nxc5 Qxc5 22. Rac1 Qb6 23. Rc8+ 1-0

[Event "Challenge"]
[Site "http://www.queenalice.com/game.php?id=1450086"]
[Date "2016.11.13"]
[Round "-"]
[White "fabianoo"]
[Black "Bzwugzwang"]
[Result "0-1"]
[WhiteElo "2104"]
[BlackElo "1500"]

1. d4 d5 2. Nf3 Nf6 3. e3 Bf5 4. c4 c6 5. Nc3 e6 6. a3 Nbd7 7. b4 Bd6 8. Bb2 O-O
9. h3 e5 10. dxe5 Nxe5 11. cxd5 cxd5 12. Nxd5 Nxd5 13. Qxd5 Bxb4+ 14. axb4 Qxd5
15. Nxe5 Qb3 16. Bc1 Qc3+ 0-1

[Event "Challenge"]
[Site "http://www.queenalice.com/game.php?id=1505822"]
[Date "2017.11.27"]
[Round "-"]
[White "tucuman"]
[Black "fabianoo"]
[Result "1-0"]
[WhiteElo "2338"]
[BlackElo "2082"]

1. d4 d6 2. e4 Nf6 3. Nc3 Bg4 4. f3 Bh5 5. Be3 Nc6 6. d5 Ne5 7. g4 Nexg4 8. fxg4
Bxg4 9. Nf3 a6 10. h3 Bh5 11. Qe2 e6 12. Qg2 Bxf3 13. Qxf3 e5 14. Be2 h6 15.
O-O-O b5 16. a3 g5 17. Na2 Nd7 18. Rdf1 Qe7 19. Nb4 Nb8 20. Rf2 Bg7 21. h4 f6
22. hxg5 fxg5 23. Qf5 Nd7 24. Bh5+ Kd8 25. Nc6+ 1-0

[Event "AUTO-MASTER-2687"]
[Site "http://www.queenalice.com/game.php?id=1512749"]
[Date "2018.1.21"]
[Round "1"]
[White "LuisGabriel_HD"]
[Black "fabianoo"]
[Result "1-0"]
[WhiteElo "1932"]
[BlackElo "2089"]

1. e4 Nf6 2. Nc3 e5 3. Nf3 Nc6 4. Bb5 d6 5. h3 a6 6. Bxc6+ bxc6 7. d4 exd4 8.
Qxd4 h6 9. O-O Be7 10. e5 c5 11. Qd3 Nd7 12. exd6 cxd6 13. Re1 O-O 14. Nd5 Re8
15. Nxe7+ Rxe7 16. Qxd6 Rxe1+ 17. Nxe1 Qf6 18. Qd5 Rb8 19. Nd3 Qg6 20. Kh2 Bb7
21. Nf4 Bxd5 22. Nxg6 fxg6 23. b3 c4 24. Be3 cxb3 25. axb3 Bb7 26. Rd1 Nf6 27.
f3 Re8 28. Bd4 Rd8 29. c3 Ne8 30. Re1 Kf7 31. Re5 Rd5 32. Re1 Nd6 33. Rd1 Nf5
34. Rd2 Nxd4 35. cxd4 Ke6 36. Kg3 Rb5 37. Rd3 Bd5 38. Re3+ Kd6 39. Kf4 Rxb3 40.
Re8 Rb7 41. Ke3 Ra7 42. Rd8+ Ke6 43. Re8+ Kd7 44. Re5 Kc6 45. Re8 a5 46. Rc8+
Rc7 47. Ra8 Kb5 48. Rb8+ Rb7 49. Rd8 Bc4 50. g3 a4 51. Kd2 a3 52. Ra8 a2 53. Kc3
Bd5 54. f4 1-0

[Event "AUTO-MASTER-2687"]
[Site "http://www.queenalice.com/game.php?id=1512750"]
[Date "2018.1.21"]
[Round "1"]
[White "fabianoo"]
[Black "LuisGabriel_HD"]
[Result "0-1"]
[WhiteElo "2087"]
[BlackElo "1952"]

1. e4 e5 2. Nf3 Nc6 3. Bb5 Bc5 4. O-O d6 5. c3 Bb6 6. d4 exd4 7. cxd4 a6 8. Ba4
Bd7 9. e5 dxe5 10. dxe5 h6 11. Nc3 Nge7 12. Nd5 Ba7 13. Be3 Bxe3 14. Nxe3 O-O
15. Re1 b5 16. Bc2 Re8 17. Be4 Qc8 18. Qc2 Nb4 19. Qc5 a5 20. Bxa8 Qxa8 21. Red1
Bc6 22. Nd4 Ng6 23. Nxc6 Nxc6 24. Rd7 Rxe5 25. Qc3 Nf4 26. Rxc7 Ne2+ 0-1

[Event "AUTO-MASTER-2687"]
[Site "http://www.queenalice.com/game.php?id=1512763"]
[Date "2018.1.21"]
[Round "1"]
[White "Cautor"]
[Black "fabianoo"]
[Result "0-1"]
[WhiteElo "1892"]
[BlackElo "2115"]

1. f4 d5 2. b3 Nc6 3. e3 e5 4. Bb5 exf4 5. Bxc6+ bxc6 6. exf4 Bc5 7. d4 Bb6 8.
Qe2+ Ne7 9. Ba3 Bxd4 10. c3 Bf6 11. Nf3 a5 12. O-O Ba6 13. Qe3 Bxf1 14. Kxf1 O-O
15. Ne5 Re8 16. Qh3 Bxe5 17. fxe5 Ng6 18. Nd2 Rxe5 19. Nf3 Qf6 20. Kg1 Re3 21.
Qd7 Ne5 22. Nxe5 Qxe5 23. Rf1 Re1 24. Qxf7+ Kh8 25. Bf8 Qe3+ 26. Kh1 Rxf1+ 27.
Qxf1 Qxc3 28. h4 Re8 29. Kh2 Qe5+ 30. g3 Qe2+ 31. Qg2 Qg4 32. Bc5 Re2 33. Bf2
Rxa2 34. Qf1 Qe2 35. Kg1 Qxf2+ 36. Qxf2 Rxf2 37. Kxf2 Kg8 38. Ke3 c5 39. Kd3 Kf7
0-1

[Event "AUTO-MASTER-2687"]
[Site "http://www.queenalice.com/game.php?id=1512764"]
[Date "2018.1.21"]
[Round "1"]
[White "fabianoo"]
[Black "Cautor"]
[Result "0-1"]
[WhiteElo "2120"]
[BlackElo "1885"]

1. e4 e5 2. Nf3 Nc6 3. Bc4 Nf6 4. d3 Bc5 5. O-O d5 6. Bb5 O-O 7. Bg5 h6 8. Bxf6
Qxf6 9. exd5 Nd4 10. Nxd4 Bxd4 11. c3 Bb6 12. Nd2 a6 13. Ba4 c6 14. Ne4 Qg6 15.
dxc6 Bh3 16. Qf3 Bg4 17. Qg3 bxc6 18. Bd1 f5 19. Nd2 Rad8 20. Nc4 Bc7 21. Bxg4
fxg4 22. Rad1 Rf4 23. Rfe1 e4 24. dxe4 Rxd1 25. Rxd1 Qxe4 26. Ne3 h5 27. Qh4 Bb6
28. Re1 Bxe3 29. fxe3 Rf5 30. Qd8+ Kh7 31. Qc8 Qc2 32. Rf1 Rg5 33. Qxa6 g3 34.
h3 Rf5 35. Rxf5 Qxf5 36. Qf1 Qc2 37. Qe1 h4 38. b4 Qxa2 39. e4 g5 40. e5 Qe6 41.
Qe4+ Kg7 42. c4 Qf7 43. Qd4 Qf5 44. Qb2 Kg6 45. b5 cxb5 46. cxb5 Qd3 47. b6 Qd1#
0-1

[Event "AUTO-MASTER-2687"]
[Site "http://www.queenalice.com/game.php?id=1512773"]
[Date "2018.1.21"]
[Round "1"]
[White "fabianoo"]
[Black "jovelino"]
[Result "0-1"]
[WhiteElo "2097"]
[BlackElo "2203"]

1. e4 c5 2. Nf3 d6 3. d4 cxd4 4. Nxd4 Nf6 5. Nc3 a6 6. Bc4 e6 7. Bg5 Be7 8. O-O
Nxe4 9. Bxe7 Nxc3 10. Bxd8 Nxd1 11. Raxd1 Kxd8 12. Nf3 Ke7 13. Rfe1 b5 14. Be2
Bb7 15. c4 bxc4 16. Bxc4 Bxf3 17. gxf3 Nd7 18. Bf1 Rhc8 19. Rc1 a5 20. f4 Rc5
21. Rxc5 Nxc5 22. b3 f5 23. Bc4 Kd7 24. a3 Rb8 25. a4 d5 26. Bb5+ Kd6 27. Re3
Ne4 28. f3 Nc5 29. Kg2 d4 30. Re5 Nxb3 31. h4 g6 32. Re1 Rc8 33. Rb1 Rc3 34. Be8
Ke7 35. Bb5 d3 36. Kf2 d2 37. Be2 Kd6 38. Bd1 Rc1 39. Rxb3 Rxd1 40. Ke2 Ra1 41.
Kxd2 Rxa4 42. Ke3 Rb4 43. Rd3+ Kc5 44. Rd7 Rb3+ 45. Kf2 h6 46. Rg7 a4 47. Rxg6
Rb6 48. Rxh6 a3 49. Rh8 Ra6 50. h5 a2 51. Rc8+ Kd6 0-1

[Event "AUTO-MASTER-2687"]
[Site "http://www.queenalice.com/game.php?id=1512774"]
[Date "2018.1.21"]
[Round "1"]
[White "jovelino"]
[Black "fabianoo"]
[Result "0-1"]
[WhiteElo "2193"]
[BlackElo "2076"]

1. e4 Nf6 2. e5 Nd5 3. c4 Nb6 4. d4 e6 5. Be3 d5 6. exd6 cxd6 7. Nc3 Nc6 8. b3
d5 9. c5 Nd7 10. f4 b6 11. cxb6 Qxb6 12. Na4 Bb4+ 13. Kf2 Qa5 14. Nf3 Nf6 15.
Ne5 Ne4+ 16. Kg1 Ne7 17. Qg4 O-O 18. Bd3 f5 19. Qh4 Rf6 20. h3 Rh6 0-1

[Event "OS INCLIVES"]
[Site "http://www.queenalice.com/game.php?id=1519025"]
[Date "2018.3.10"]
[Round "-"]
[White "adelio"]
[Black "fabianoo"]
[Result "0-1"]
[WhiteElo "1563"]
[BlackElo "2085"]

1. d4 d6 2. c4 g6 3. Nc3 Bg7 4. e4 Nc6 5. Be3 Nf6 6. Be2 O-O 7. d5 Ne5 8. g3
Nfg4 9. Bf4 f5 10. h3 Nf6 11. g4 fxe4 12. g5 Ne8 13. Bxe5 Bxe5 14. Nxe4 Bxb2 15.
Rb1 Bg7 16. Rb3 Bf5 17. Nf6+ exf6 18. Rg3 fxg5 19. Nf3 Bc3+ 20. Nd2 Nf6 21. Rxg5
Ne4 22. Rxg6+ hxg6 23. Rg1 Qh4 24. Rg2 Bxh3 25. Rxg6+ Kh7 26. Bf3 Qxf2# 0-1

[Event "AUTO-MASTER-2706"]
[Site "http://www.queenalice.com/game.php?id=1520430"]
[Date "2018.3.20"]
[Round "1"]
[White "ratorei"]
[Black "fabianoo"]
[Result "0-1"]
[WhiteElo "2074"]
[BlackElo "2083"]

1. e4 Nf6 2. e5 Nd5 3. f4 Nxf4 4. d4 Nd5 5. c4 Nb6 6. Nc3 d6 7. Nf3 Bg4 8. Be2
e6 9. O-O Nc6 10. exd6 cxd6 11. b3 d5 12. cxd5 Nxd5 13. Ne4 Be7 14. Bb2 Ne3 15.
Qd3 Nxf1 16. Kxf1 Bxf3 17. Bxf3 O-O 18. Kg1 Rc8 19. Qe3 Qb6 20. Nc5 Rfd8 21.
Nxe6 Re8 22. Nxg7 Kxg7 23. d5+ Kg8 24. Qxb6 axb6 25. dxc6 Bc5+ 26. Kf1 bxc6 27.
Bc3 Re3 28. Bf6 Rce8 29. Bg5 R3e6 30. a3 Bd4 31. Rd1 Bf6 32. Bf4 Rd8 33. Rc1 Bb2
34. Rc4 c5 35. a4 Rd4 36. Rc2 Rxf4 37. Rxb2 Rd4 38. Kf2 Red6 39. Kg3 Rd2 40. Rb1
R6d3 41. b4 c4 42. a5 bxa5 43. bxa5 c3 44. a6 c2 45. Rb8+ Kg7 46. a7 Ra3 0-1

[Event "AUTO-MASTER-2706"]
[Site "http://www.queenalice.com/game.php?id=1520431"]
[Date "2018.3.20"]
[Round "1"]
[White "fabianoo"]
[Black "ratorei"]
[Result "1-0"]
[WhiteElo "2066"]
[BlackElo "2091"]

1. e4 c5 2. Nf3 d6 3. c3 Nf6 4. Qe2 e5 5. d4 cxd4 6. cxd4 Bd7 7. Nc3 Nc6 8. d5
Nb4 9. a3 Na6 10. g3 Nc5 11. Qc2 Rc8 12. Nd2 Be7 13. Qb1 a6 14. b4 Na4 15. Nxa4
Bxa4 16. Bc4 Bd7 17. h3 b5 18. Bf1 Qc7 19. Bg2 O-O 20. O-O Qc2 21. Ra2 Qxb1 22.
Nxb1 Rc7 23. Bd2 Rc4 24. Rc1 Rfc8 25. Rxc4 Rxc4 26. Nc3 Nh5 27. Bf3 g6 28. Be2
Rc7 29. Kg2 Ng7 30. f4 f5 31. fxe5 dxe5 32. d6 Bxd6 33. Nd5 Rb7 34. Nf6+ Kh8 35.
Nxd7 Rxd7 36. Rc2 Rc7 37. Rxc7 Bxc7 38. Bf3 Ne6 39. exf5 gxf5 40. Bb7 Nd4 41.
Bxa6 Kg8 42. Bc3 Kf7 43. Bxd4 1-0

[Event "AUTO-MASTER-2706"]
[Site "http://www.queenalice.com/game.php?id=1520444"]
[Date "2018.3.20"]
[Round "1"]
[White "LOMBARDY"]
[Black "fabianoo"]
[Result "1-0"]
[WhiteElo "2168"]
[BlackElo "2102"]

1. c4 e5 2. Nc3 Nf6 3. d3 d5 4. cxd5 Nxd5 5. Bd2 Nc6 6. Nf3 a6 7. g3 Bc5 8. Bg2
O-O 9. O-O Be6 10. Rc1 Bb6 11. a3 h6 12. Ne4 f5 13. Nc5 Bc8 14. e4 fxe4 15. dxe4
Nf6 16. Qb3+ Kh8 17. Be3 Qe7 18. Nh4 Qf7 19. Qxf7 Rxf7 20. Rfd1 Ng4 21. b4 Nxe3
22. fxe3 Bxc5 23. Rxc5 Bg4 24. Rd2 Kh7 25. h3 Bh5 26. g4 Bg6 27. Nf5 Na7 28.
Rxe5 Nb5 29. Rd3 c6 30. Kh2 a5 31. a4 Nc7 32. bxa5 Re8 33. Rxe8 Nxe8 34. e5 Kg8
35. Rd8 Kf8 36. a6 bxa6 37. Bxc6 Rc7 38. Bxe8 Bxe8 39. Kg3 g6 40. Nd6 Re7 41.
Kf4 Re6 42. Ke4 h5 43. Kd5 Rxd6+ 44. exd6 hxg4 45. hxg4 1-0

[Event "AUTO-MASTER-2706"]
[Site "http://www.queenalice.com/game.php?id=1520445"]
[Date "2018.3.20"]
[Round "1"]
[White "fabianoo"]
[Black "LOMBARDY"]
[Result "1/2-1/2"]
[WhiteElo "2101"]
[BlackElo "2145"]

1. e4 c6 2. d4 d5 3. Nd2 dxe4 4. Nxe4 Nd7 5. Bf4 Ngf6 6. Bd3 Nxe4 7. Bxe4 Nf6 8.
Bf3 e6 9. Ne2 Bd6 10. O-O O-O 11. c3 Qc7 12. Bxd6 Qxd6 13. Nc1 e5 14. dxe5 Qxe5
15. Re1 Qc7 16. Ne2 Be6 17. Nd4 Bd5 18. Nf5 Rfe8 19. Bxd5 Nxd5 20. Qg4 f6 21.
Re4 Rxe4 22. Qxe4 Qe5 23. Re1 Qxe4 24. Rxe4 Rd8 25. Kf1 g6 26. Ne7+ Kf7 27. Nxd5
Rxd5 28. Ke2 Rd6 29. g3 Re6 30. Kd3 Rxe4 31. Kxe4 Ke6 32. f4 f5+ 33. Kd4 Kd6 34.
c4 c5+ 35. Kd3 b6 36. b3 1/2-1/2

[Event "AUTO-MASTER-2706"]
[Site "http://www.queenalice.com/game.php?id=1520452"]
[Date "2018.3.20"]
[Round "1"]
[White "Juuca"]
[Black "fabianoo"]
[Result "0-1"]
[WhiteElo "2139"]
[BlackElo "2099"]

1. e4 Nf6 2. Nc3 e5 3. f4 d6 4. Nf3 Bg4 5. h3 Bxf3 6. Qxf3 Nc6 7. Bb5 Qd7 8. d3
a6 9. Bxc6 Qxc6 10. O-O Nd7 11. Be3 Be7 12. f5 Nf6 13. g4 h6 14. Rad1 O-O-O 15.
d4 g6 16. d5 Qd7 17. b4 gxf5 18. Qxf5 h5 19. Qxd7+ Kxd7 20. g5 Rhg8 21. Kh2 Nh7
22. h4 f6 23. gxf6 Nxf6 24. Kh3 Ng4 25. Bg1 Nh6 26. Be3 Ng4 27. Bg1 Rdf8 28. Ne2
c6 29. Ng3 cxd5 30. exd5 Rf4 31. Nxh5 Rxb4 32. c3 Rc4 33. Rf3 Ne3 34. Nf6+ Bxf6
35. Rxf6 Nxd1 36. Rf7+ Kc8 0-1

[Event "AUTO-MASTER-2706"]
[Site "http://www.queenalice.com/game.php?id=1520453"]
[Date "2018.3.20"]
[Round "1"]
[White "fabianoo"]
[Black "Juuca"]
[Result "1/2-1/2"]
[WhiteElo "2113"]
[BlackElo "2168"]

1. e4 c5 2. Nf3 d6 3. d4 cxd4 4. Nxd4 Nf6 5. Nc3 Nc6 6. Bb5 Bd7 7. O-O e6 8. Bg5
Be7 9. Nf3 O-O 10. Bxf6 Bxf6 11. Qxd6 a6 12. Bxc6 Bxc6 13. Rad1 Qxd6 14. Rxd6
Bxc3 15. bxc3 Bxe4 16. Rd7 Rfc8 17. Ng5 Bg6 18. Rfd1 h6 19. Nf3 Rxc3 20. Rxb7
Rxc2 21. Ne5 Rac8 22. Nxg6 fxg6 23. g3 Rc1 24. Rb1 Rxd1+ 25. Rxd1 Rc2 26. Ra1
Kf7 27. a4 Kf6 28. Kg2 g5 29. g4 g6 30. h3 h5 31. a5 Rc4 32. Kg3 Rf4 33. Ra3 Ke5
34. f3 Kd4 35. Ra4+ Ke3 36. Ra3+ Ke2 37. Ra2+ Kd3 38. Ra3+ Kd4 39. Ra4+ Ke5 40.
Ra3 Kf6 41. Ra1 e5 42. Rb1 Kg7 43. Re1 Ra4 44. Rxe5 Kh6 45. gxh5 Kxh5 46. Rc5
1/2-1/2